Grades de l'armée de l'air et de l'espace Française - Statistiques

Statistiques générales
  • Ce quiz a été pris 111 fois
  • Le résultat moyen est 12 sur 20
Statistiques - réponses
Galons Grades % Correct
Officiers Lieutenant
91%
Sous-officiers Sergent
86%
Militaires Techniciens de l'Air - MTA Caporal
85%
Officiers Capitaine
84%
Sous-officiers Sergent-chef
84%
Officiers Colonel
83%
Officiers Commandant
83%
Sous-officiers Adjudant
78%
Sous-officiers Adjudant-chef
78%
Militaires Techniciens de l'Air - MTA Caporal-chef
75%
Officiers Lieutenant-colonel
73%
Sous-officiers Major
73%
Officiers Sous-lieutenant
72%
Officiers Aspirant
69%
Officiers généraux Général de division aérienne
28%
Officiers généraux Général de brigade aérienne
27%
Officiers généraux Général d'armée aérienne
26%
Officiers généraux Général de corps aérien
23%
Militaires Techniciens de l'Air - MTA Aviateur 1ère classe
14%
Militaires Techniciens de l'Air - MTA Aviateur 2ème classe
14%
Aucun quiz correspondant
Distribution des résultats
% des personnes avec chaque résultat
Percentile par nombre de réponses
Votre historique - résultats
Vous n’avez pas pris ce quiz